000 00463nam a2200145 4500
999 _c512373
_d512373
008 191120b ||||| |||| 00| 0 eng d
100 _aKock, Alexander
_913555
245 _aProject organizing and its impact - A festschrift for Hans Georg Gemunden
260 _bProject Management Journal
300 _a50(4), 2019: p.395-397.
700 _aAubry, Monique
_913556
773 _aProject Management Journal
906 _aProject management
942 _2ddc
_cAR